[Event "32. Offene Senioren-LEM Sachsen-Anh. 65+"]
[Site "Magdeburg"]
[Date "2024.07.02"]
[Round "2.47"]
[White "Möller, Peter"]
[Black "Fleischer, Martin"]
[Result "1/2-1/2"]
[WhiteElo "1712"]
[BlackElo "1857"]
[PlyCount "106"]
[EventDate "2024.??.??"]
[WhiteTeam "SC Mecklenburger Springer"]
[BlackTeam "SV Einheit Schwerin"]

1. Nf3 e6 2. d4 d5 3. Bf4 Nf6 4. e3 Bd6 5. Ne5 Nbd7 6. c3 a6 7. Be2 Bxe5 8.
dxe5 Ng8 9. Qa4 c6 10. Bg3 Ne7 11. f4 Nf5 12. Bf2 Nc5 13. Qc2 Ne4 14. Bf3 Nxf2
15. Qxf2 Qb6 16. e4 Qxf2+ 17. Kxf2 Ne7 18. Rd1 b6 19. exd5 exd5 20. Na3 Be6 21.
b3 O-O-O 22. Rd2 Rd7 23. Rad1 Rhd8 24. g4 g6 25. Nc2 c5 26. Ke3 Kc7 27. Be2 b5
28. Ne1 Ng8 29. h3 f5 30. g5 h6 31. h4 hxg5 32. hxg5 Rh7 33. Bf3 Ne7 34. Rc1
Kb6 35. Rcd1 Rh3 36. Rf2 d4+ 37. cxd4 Nd5+ 38. Kd3 Nxf4+ 39. Kc3 Nd5+ 40. Kb2
Nb4 41. dxc5+ Kc7 42. Rxd8 Kxd8 43. Rd2+ Ke7 44. c6 Rh8 45. Nc2 Nxc2 46. Rxc2
Bc8 47. c7 Rh3 48. Bc6 Re3 49. Rd2 Rxe5 50. Rd8 Rc5 51. Rxc8 Rxc6 52. Rg8 Rxc7
53. Rxg6 a5 1/2-1/2

[Event "32. Offene Senioren-LEM Sachsen-Anh. 65+"]
[Site "Magdeburg"]
[Date "2024.07.02"]
[Round "2.48"]
[White "Schwarz, Hans"]
[Black "Gieseke, Karl-Heinz"]
[Result "1-0"]
[WhiteElo "1856"]
[BlackElo "1696"]
[PlyCount "57"]
[EventDate "2024.??.??"]
[WhiteTeam "SV Rochade Magdeburg"]
[BlackTeam "SG Schöningen JFZ-I"]

1. e4 e5 2. Nf3 Nc6 3. Bc4 Bc5 4. d3 d6 5. c3 Bg4 6. Qb3 Nh6 7. Bxh6 O-O 8. Bg5
Qd7 9. Nbd2 Na5 10. Qb5 Nxc4 11. Qxd7 Bxd7 12. Nxc4 b5 13. Ncd2 f6 14. Be3 Bb6
15. Bxb6 axb6 16. O-O c5 17. d4 cxd4 18. cxd4 Rfc8 19. d5 Rc2 20. Rfb1 b4 21.
h3 g6 22. a3 Bb5 23. axb4 Rxa1 24. Rxa1 Rxb2 25. Ra8+ Kg7 26. Rb8 Rxb4 27. Rxb6
Kh6 28. Rxd6 Kg7 29. Rb6 1-0

[Event "32. Offene Senioren-LEM Sachsen-Anh. 65+"]
[Site "Magdeburg"]
[Date "2024.07.02"]
[Round "2.49"]
[White "Conrad, Heidrun"]
[Black "Klüver, Horst"]
[Result "1/2-1/2"]
[WhiteElo "1710"]
[BlackElo "1850"]
[PlyCount "115"]
[EventDate "2024.??.??"]
[WhiteTeam "SF Turm 2000 Wahrburg"]
[BlackTeam "Itzehoer SV von 1923"]

1. e4 e5 2. Nf3 Nc6 3. Nc3 Nf6 4. Bc4 h6 5. d4 exd4 6. Nxd4 Ne5 7. Be2 d6 8. h3
Be7 9. Nf5 Bxf5 10. exf5 c6 11. f4 Ned7 12. Be3 Qa5 13. Bd3 Nd5 14. Bd2 Bh4+
15. Kf1 Qc5 16. Qe2+ Kd8 17. Ne4 Qd4 18. c3 Qa4 19. Nxd6 Kc7 20. Qg4 Kxd6 21.
Qxh4 g5 22. fxg6 fxg6 23. Qg3 Raf8 24. Qxg6+ Rf6 25. Qe4 Qxe4 26. Bxe4 Nxf4 27.
Bxf4+ Rxf4+ 28. Bf3 Ne5 29. Kf2 Rhf8 30. Rad1+ Kc5 31. Ke2 Nxf3 32. gxf3 Rxf3
33. Rdf1 Rxf1 34. Rxf1 Rxf1 35. Kxf1 Kd5 36. Ke2 Ke4 37. b3 a5 38. a3 b5 39. b4
a4 40. Kd2 Kf3 41. Kd3 Kg3 42. Kd4 Kxh3 43. Kc5 Kg2 44. Kxc6 h5 45. Kxb5 h4 46.
c4 h3 47. c5 h2 48. c6 h1=Q 49. Kb6 Qh6 50. Kb7 Qg5 51. Kb6 Qf6 52. b5 Qd6 53.
Kb7 Qxa3 54. c7 Qf3+ 55. Kb8 Qf8+ 56. c8=Q Qxc8+ 57. Kxc8 a3 58. b6 1/2-1/2

[Event "32. Offene Senioren-LEM Sachsen-Anh. 65+"]
[Site "Magdeburg"]
[Date "2024.07.02"]
[Round "2.50"]
[White "Ludwig, Richard"]
[Black "Hölzel, Gerhard"]
[Result "1/2-1/2"]
[WhiteElo "1698"]
[BlackElo "1839"]
[PlyCount "33"]
[EventDate "2024.??.??"]
[WhiteTeam "SV Irxleben 1919"]
[BlackTeam "Ahrensburger TSV"]

1. e4 c5 2. c3 e5 3. Nf3 d6 4. d4 cxd4 5. cxd4 exd4 6. Nxd4 Nc6 7. Nxc6 bxc6 8.
Be2 Nf6 9. Nc3 Be7 10. O-O O-O 11. Be3 Bb7 12. Rb1 c5 13. f3 a5 14. Bc4 Ba6 15.
Bxa6 Rxa6 16. Qc2 Qa8 17. Rfd1 1/2-1/2

[Event "32. Offene Senioren-LEM Sachsen-Anh. 65+"]
[Site "Magdeburg"]
[Date "2024.07.02"]
[Round "2.51"]
[White "Schiefer, Jörg"]
[Black "Brandt, Joachim"]
[Result "0-1"]
[WhiteElo "1655"]
[BlackElo "1829"]
[PlyCount "58"]
[EventDate "2024.??.??"]
[WhiteTeam "USC Magdeburg"]
[BlackTeam "UNION 1861 Schönebeck"]

1. c4 e6 2. Nc3 f5 3. e4 c6 4. e5 d5 5. cxd5 exd5 6. d4 g6 7. Nf3 Bg7 8. Bd3
Ne7 9. Bf4 Nd7 10. Qd2 Nf8 11. h4 Ne6 12. Ne2 h6 13. O-O-O Qb6 14. Bc2 Bd7 15.
Rh3 Qa6 16. a3 Rc8 17. Bd3 b5 18. Be3 c5 19. Kb1 c4 20. Bc2 Kf7 21. Qb4 Nc6 22.
Qd6 Rhd8 23. h5 Bf8 24. hxg6+ Kg8 25. Bxh6 Bxd6 26. exd6 b4 27. axb4 Nxb4 28.
Nc3 Nxc2 29. Kxc2 Ba4+ 0-1

[Event "32. Offene Senioren-LEM Sachsen-Anh. 65+"]
[Site "Magdeburg"]
[Date "2024.07.02"]
[Round "2.52"]
[White "Rausch, Erik"]
[Black "Watermann, Bernd"]
[Result "1-0"]
[WhiteElo "1827"]
[BlackElo "1660"]
[PlyCount "47"]
[EventDate "2024.??.??"]
[WhiteTeam "SC Kreuzberg"]
[BlackTeam "Sf Barsinghausen e.V."]

1. d4 d5 2. Nf3 e6 3. g3 f5 4. Bg2 Nf6 5. Bf4 Bd6 6. Bxd6 Qxd6 7. O-O O-O 8.
Nbd2 Bd7 9. c4 c6 10. Rc1 Be8 11. a3 Nbd7 12. cxd5 exd5 13. Bh3 Ne4 14. Nxe4
fxe4 15. Nh4 Nf6 16. Nf5 Qc7 17. e3 Bh5 18. g4 Be8 19. b4 Bd7 20. Ng3 a6 21.
Rc2 Qc8 22. Nf5 Nxg4 23. Ne7+ Kh8 24. Nxc8 1-0

[Event "32. Offene Senioren-LEM Sachsen-Anh. 65+"]
[Site "Magdeburg"]
[Date "2024.07.02"]
[Round "2.53"]
[White "Hauke, Hans"]
[Black "Girod, Gudrun"]
[Result "1-0"]
[WhiteElo "1824"]
[BlackElo "1649"]
[PlyCount "43"]
[EventDate "2024.??.??"]
[WhiteTeam "Naumburger Sportverein 1951"]
[BlackTeam "Hannover 96"]

1. e4 e6 2. d4 d5 3. e5 c5 4. c3 Nc6 5. Nf3 cxd4 6. cxd4 Bb4+ 7. Nc3 Nge7 8.
Bd3 Nf5 9. Bxf5 exf5 10. a3 Bxc3+ 11. bxc3 Be6 12. O-O O-O 13. Rb1 Rb8 14. Ng5
h6 15. Nh3 Na5 16. Nf4 Nc4 17. Qd3 Qd7 18. Qg3 Kh7 19. Nh5 Rg8 20. Qh4 Qd8 21.
Nf6+ Kh8 22. Bxh6 1-0

[Event "32. Offene Senioren-LEM Sachsen-Anh. 65+"]
[Site "Magdeburg"]
[Date "2024.07.02"]
[Round "2.54"]
[White "Rosenkranz, Richard"]
[Black "Gismann, Jürgen"]
[Result "1/2-1/2"]
[WhiteElo "1628"]
[BlackElo "1813"]
[PlyCount "39"]
[EventDate "2024.??.??"]
[WhiteTeam "Haldensleber Sportclub"]
[BlackTeam "USC Magdeburg"]

1. e4 d6 2. Nc3 e5 3. Nf3 g6 4. d3 Bg7 5. Bg5 Nf6 6. Bxf6 Bxf6 7. Nd5 Bg7 8. d4
exd4 9. Nxd4 O-O 10. Bc4 c6 11. Ne3 Qf6 12. c3 Re8 13. f3 d5 14. Bd3 dxe4 15.
Bxe4 Nd7 16. O-O Nc5 17. Qc2 Nxe4 18. fxe4 Qh4 19. Nf3 Qf4 20. Rae1 1/2-1/2

[Event "32. Offene Senioren-LEM Sachsen-Anh. 65+"]
[Site "Magdeburg"]
[Date "2024.07.02"]
[Round "2.55"]
[White "Reimann, Reinhold"]
[Black "Geibel, Henning"]
[Result "1-0"]
[WhiteElo "1888"]
[BlackElo "1601"]
[PlyCount "91"]
[EventDate "2024.??.??"]
[WhiteTeam "Turn- u. Sportgemeinschaft Calbe"]
[BlackTeam "Ahrensburger TSV"]

1. d4 d5 2. Nf3 Bf5 3. e3 Nf6 4. Nc3 e6 5. Bd3 Bxd3 6. Qxd3 a6 7. O-O Nc6 8. a3
Bd6 9. e4 dxe4 10. Nxe4 Nxe4 11. Qxe4 O-O 12. b4 h6 13. c4 Qd7 14. Ne5 Bxe5 15.
dxe5 Qd4 16. Qxd4 Nxd4 17. Ra2 c6 18. Be3 Rad8 19. Rd2 Nf5 20. Rfd1 Rxd2 21.
Rxd2 Nxe3 22. fxe3 Rc8 23. Kf2 c5 24. Rd7 cxb4 25. axb4 Rxc4 26. Rxb7 Re4 27.
Rb6 Rxe5 28. Rxa6 Rb5 29. Ra8+ Kh7 30. Ra4 Kg6 31. Ke2 Kf5 32. Ra5 Re5 33. Kf3
Kf6 34. e4 Rg5 35. h4 Rg6 36. e5+ Ke7 37. Ra7+ Kf8 38. b5 h5 39. b6 Rg4 40. b7
Rb4 41. Ra8+ Ke7 42. b8=Q Rxb8 43. Rxb8 f6 44. Rb7+ Kf8 45. Kf4 fxe5+ 46. Kxe5
1-0

[Event "32. Offene Senioren-LEM Sachsen-Anh. 65+"]
[Site "Magdeburg"]
[Date "2024.07.02"]
[Round "2.56"]
[White "Langbein, Wolfgang"]
[Black "Möws, Harald"]
[Result "0-1"]
[WhiteElo "1533"]
[BlackElo "1812"]
[PlyCount "72"]
[EventDate "2024.??.??"]
[WhiteTeam "PSV Ribnitz-Damgarten"]
[BlackTeam "Ahrensburger TSV"]

1. c4 d5 2. g3 dxc4 3. Bg2 Nd7 4. Qa4 Ngf6 5. Qxc4 Nb6 6. Qc2 c6 7. e3 g6 8.
Nc3 Bg7 9. Nge2 O-O 10. O-O Bf5 11. e4 Be6 12. d3 Qd7 13. Nf4 Rad8 14. Nxe6
Qxe6 15. Be3 Nc8 16. h3 Qd7 17. Rad1 e5 18. Kh2 b6 19. a4 c5 20. b3 Nh5 21. Nd5
Ne7 22. Nxe7+ Qxe7 23. Qc4 Qd7 24. Bf3 Nf6 25. g4 Ne8 26. Be2 Nc7 27. Bg5 Rc8
28. f4 Ne6 29. Qb5 Qxb5 30. axb5 exf4 31. Bxf4 Nxf4 32. Rxf4 Be5 33. Kg3 g5 34.
d4 Bxf4+ 35. Kf3 cxd4 36. Rxd4 Rc3+ 0-1